[Event "European Rapid Championship 2021"]
[Site "Katowice"]
[Date "2021.12.18"]
[Round "5.22"]
[White "Andrejczuk, Beata"]
[Black "Flasinski, Michal"]
[Result "0-1"]
[WhiteElo "1925"]
[BlackElo "2195"]
[Annotator "NA"]
[PlyCount "80"]
[EventDate "2021.12.18"]
[EventType "swiss"]
[EventCountry "POL"]
[SourceTitle "playchess.com"]
[Source "ChessBase"]
[SourceQuality "1"]
[TimeControl "900+10"]

1. e4 {[%emt 0:00:10]} c6 {[%emt 0:00:10]} 2. Nc3 {[%emt 0:00:10]} d5 {[%emt 0:
00:10]} 3. f4 {[%emt 0:00:10]} dxe4 {[%emt 0:00:10]} 4. Nxe4 {[%emt 0:00:10]}
Nd7 {[%emt 0:00:10]} 5. Nf3 {[%emt 0:00:10]} Ngf6 {[%emt 0:00:10]} 6. Nf2 {
[%emt 0:00:10]} e6 {[%emt 0:00:10]} 7. d4 {[%emt 0:00:10]} c5 {[%emt 0:00:10]}
8. c3 {[%emt 0:00:10]} b6 {[%emt 0:00:10]} 9. Bd3 {[%emt 0:00:10]} Bb7 {
[%emt 0:00:10]} 10. O-O {[%emt 0:00:10]} cxd4 {[%emt 0:00:10]} 11. Nxd4 {
[%emt 0:00:10]} Be7 {[%emt 0:00:21]} 12. Re1 {[%emt 0:00:43]} O-O {[%emt 0:00:
07]} 13. Ng4 {[%emt 0:00:53]} Nc5 {[%emt 0:00:46]} 14. Bc2 {[%emt 0:01:02]} Qd5
{[%emt 0:00:50]} 15. Qe2 {[%emt 0:00:48]} Rfe8 {[%emt 0:02:34]} 16. b4 {
[%emt 0:01:47]} Nce4 {[%emt 0:00:24]} 17. Bb2 {[%emt 0:00:50]} Rac8 {[%emt 0:
01:35]} 18. Nxf6+ {[%emt 0:00:52]} Nxf6 {[%emt 0:00:05]} 19. Bb3 {[%emt 0:00:
08]} Qh5 {[%emt 0:01:16]} 20. Qxh5 {[%emt 0:01:14]} Nxh5 {[%emt 0:00:02]} 21.
Nxe6 {[%emt 0:00:25]} fxe6 {[%emt 0:01:25]} 22. Bxe6+ {[%emt 0:00:16]} Kf8 {
[%emt 0:00:01]} 23. Bxc8 {[%emt 0:00:04]} Rxc8 {[%emt 0:00:03]} 24. Re5 {
[%emt 0:00:18]} Nf6 {[%emt 0:00:17]} 25. Rd1 {[%emt 0:00:39]} Rc4 {[%emt 0:00:
32]} 26. g3 {[%emt 0:01:30]} Bf3 {[%emt 0:02:11]} 27. Rd3 {[%emt 0:00:46]} Be4
{[%emt 0:00:32]} 28. Re3 {[%emt 0:02:48]} Bd6 {[%emt 0:00:51]} 29. Re6 {
[%emt 0:00:06]} Bc7 {[%emt 0:00:09]} 30. b5 {[%emt 0:00:18]} Kf7 {[%emt 0:00:
11]} 31. f5 {[%emt 0:00:03]} Bxf5 {[%emt 0:00:20]} 32. Re7+ {[%emt 0:00:04]}
Kg6 {[%emt 0:00:01]} 33. Re1 {[%emt 0:01:11]} Bd6 {[%emt 0:01:37]} 34. Rxa7 {
[%emt 0:00:08]} Ne4 {[%emt 0:00:12]} 35. Ba3 {[%emt 0:00:26]} Be5 {[%emt 0:00:
40]} 36. Bb4 {[%emt 0:00:26]} Bf6 {[%emt 0:00:04]} 37. Rb7 {[%emt 0:00:06]}
Nxc3 {[%emt 0:00:03]} 38. Bxc3 {[%emt 0:00:10]} Bxc3 {[%emt 0:00:03]} 39. Rf1 {
[%emt 0:00:11]} Bd4+ {[%emt 0:00:04]} 40. Kg2 {[%emt 0:00:01]} Be4+ {[%emt 0:
00:01]} 0-1

[Event "European Rapid Championship 2021"]
[Site "Katowice"]
[Date "2021.12.18"]
[Round "5.23"]
[White "Bernadskiy, Vitaliy"]
[Black "Adamczewski, Maciej"]
[Result "1-0"]
[WhiteElo "2616"]
[BlackElo "2081"]
[Annotator "TA"]
[PlyCount "85"]
[EventDate "2021.12.18"]
[EventType "swiss"]
[EventCountry "POL"]
[SourceTitle "playchess.com"]
[Source "ChessBase"]
[SourceQuality "1"]

{[%evp 9,85,-17,20,20,41,37,58,34,31,7,26,-11,24,-16,-5,-26,10,-42,-33,-43,53,
60,63,0,62,68,58,72,85,46,158,75,68,77,64,68,70,64,60,57,89,93,102,93,98,69,
123,129,129,124,144,138,148,137,133,98,204,189,368,429,404,429,429,410,459,459,
459,459,459,459,448,448,1021,531,717,427,1156,877]} 1. d4 Nf6 2. Bg5 c5 3. d5
d6 4. Nc3 h6 5. Bf4 g5 6. Bd2 {A45: Trompowsky Attack.} Bf5 7. f3 {[#]} Bg7
$146 ({Predecessor:} 7... Nbd7 8. e4 Bg6 9. Nh3 Bg7 10. Nf2 a6 11. a4 b6 12.
Bc4 Ne5 13. Ba2 Rb8 {1-0 (45) Andres Gonzalez,A (2407)-Krupa,M (2307) Olomouc
2001}) 8. e4 {White is slightly better.} Bg6 9. Be3 Nbd7 10. Qd2 a6 11. a4 {
[%cal Ba2a4,Ba4a5][%mdl 32]} Qa5 12. Ra3 (12. Nh3 {is interesting.} O-O-O 13.
Be2 Ne5 14. O-O Rhe8 15. Nd1) 12... Nb6 (12... Ne5 {keeps more tension.} 13.
Be2 O-O-O 14. Nh3 Rhe8 15. Nf2 e6) 13. Nb1 ({White should try} 13. Qd1 $11)
13... Qxd2+ $15 14. Nxd2 {[#]} Nfd7 (14... Nbxd5 $1 $15 15. exd5 Nxd5) 15. a5
$14 Nc8 ({Weaker is} 15... Bxb2 16. Ra2 Nxd5 17. exd5 $16) 16. c3 (16. h4 $14)
16... f5 (16... e6 $1 $11) 17. h4 f4 18. Bf2 Rb8 19. Rb3 Kf7 {[#]} (19... Bf7
$14) 20. hxg5 ({Better is} 20. Nh3 $1) 20... hxg5 $16 21. Rxh8 Bxh8 22. g3 fxg3
$1 23. Bxg3 b5 24. axb6 Ncxb6 25. Nh3 Bf6 26. Bxa6 Ra8 27. Ra3 g4 ({Black
should play} 27... Kg7 $14) 28. fxg4 Nb8 {[#]} 29. Bb5 {Strongly threatening
Rxa8.} Rxa3 30. bxa3 {[%cal Bb2a3,Ba3a4,Ba4a5,Ba5a6,Ba6a7][%mdl 32] c4 is the
strong threat.} Bxc3 31. Ke2 N8d7 32. Nf2 Ne5 (32... Nf6 $16) 33. a4 $18 e6 $2
(33... Bxd2 34. Kxd2 Nec4+ 35. Bxc4 Nxc4+ 36. Kc3 Nb6) 34. Bxe5 Bxe5 35. a5 Na8
36. a6 Nc7 {[#]} 37. a7 $1 {White is clearly winning.} exd5 {[#]} 38. exd5 $1 {
[%cal Be4d5,Bd5d6][%mdl 32]} c4 {[#]} 39. Nxc4 $1 Bd4 40. Nxd6+ Ke7 (40... Kg7
$142 41. Nc8 Bxa7 42. Nxa7 Nxd5) 41. Nc4 {Threatening mate with d6+.} Kd8 42.
d6 Na8 (42... Bxa7 $142 43. dxc7+ Kxc7) 43. Bc6 {Weighted Error Value: White=0.
34/Black=0.31} 1-0

[Event "European Rapid Championship 2021"]
[Site "Katowice"]
[Date "2021.12.18"]
[Round "5.23"]
[White "Lewtak, Damian"]
[Black "Malinowski, Damian"]
[Result "1-0"]
[WhiteElo "2185"]
[BlackElo "1885"]
[Annotator "NA"]
[PlyCount "95"]
[EventDate "2021.12.18"]
[EventType "swiss"]
[EventCountry "POL"]
[SourceTitle "playchess.com"]
[Source "ChessBase"]
[SourceQuality "1"]
[TimeControl "900+10"]

1. c3 {[%emt 0:00:02]} d5 {[%emt 0:00:05]} 2. d4 {[%emt 0:00:02]} Nf6 {[%emt 0:
00:11]} 3. Bf4 e6 {[%emt 0:00:11]} 4. e3 {[%emt 0:00:06]} Bd6 {[%emt 0:00:05]}
5. Nd2 {[%emt 0:00:02]} O-O {[%emt 0:00:27]} 6. Bd3 {[%emt 0:00:12]} b6 {
[%emt 0:00:10]} 7. Bg3 {[%emt 0:00:14]} Bb7 {[%emt 0:00:16]} 8. Qc2 {[%emt 0:
00:07]} c5 {[%emt 0:01:02]} 9. Ngf3 {[%emt 0:00:09]} Nc6 {[%emt 0:01:44]} 10.
O-O {[%emt 0:00:41]} Bxg3 {[%emt 0:00:14]} 11. hxg3 {[%emt 0:00:12]} h6 {
[%emt 0:03:58]} 12. Rfe1 {[%emt 0:00:05]} Rc8 {[%emt 0:00:09]} 13. Rac1 {
[%emt 0:00:53]} Re8 {[%emt 0:00:33]} 14. Bb5 {[%emt 0:00:31]} a6 {[%emt 0:01:
00]} 15. Bxc6 {[%emt 0:00:04]} Bxc6 {[%emt 0:00:07]} 16. Ne5 {[%emt 0:00:06]}
Qd6 {[%emt 0:00:14]} 17. f4 {[%emt 0:00:43]} Nd7 {[%emt 0:01:13]} 18. Ndf3 {
[%emt 0:00:31]} Nxe5 {[%emt 0:00:57]} 19. dxe5 {[%emt 0:00:56]} Qc7 {[%emt 0:
00:27]} 20. g4 {[%emt 0:00:40]} Qb7 {[%emt 0:00:49]} 21. Qf2 {[%emt 0:00:11]}
Rcd8 {[%emt 0:00:21]} 22. Red1 {[%emt 0:00:41]} Rd7 {[%emt 0:01:03]} 23. Rd2 {
[%emt 0:00:13]} Red8 {[%emt 0:00:07]} 24. Rcd1 {[%emt 0:00:02]} b5 {[%emt 0:00:
29]} 25. b4 {[%emt 0:00:15]} d4 {[%emt 0:00:35]} 26. exd4 {[%emt 0:00:20]} Bxf3
{[%emt 0:00:03]} 27. Qxf3 {[%emt 0:00:12]} Qxf3 {[%emt 0:00:03]} 28. gxf3 {
[%emt 0:00:02]} cxb4 {[%emt 0:00:20]} 29. cxb4 {[%emt 0:00:03]} Rc7 {[%emt 0:
00:07]} 30. Kf2 {[%emt 0:00:24]} Rc4 {[%emt 0:00:09]} 31. a3 {[%emt 0:00:07]}
Rc3 {[%emt 0:00:38]} 32. Rd3 {[%emt 0:00:04]} Rc2+ {[%emt 0:00:10]} 33. R1d2 {
[%emt 0:00:02]} Rc1 {[%emt 0:00:03]} 34. d5 {[%emt 0:00:38]} exd5 {[%emt 0:00:
03]} 35. Rxd5 {[%emt 0:00:02]} Rxd5 {[%emt 0:00:16]} 36. Rxd5 {[%emt 0:00:04]}
Rc3 {[%emt 0:00:37]} 37. Rd8+ {[%emt 0:00:02]} Kh7 {[%emt 0:00:01]} 38. f5 {
[%emt 0:00:02]} Rc6 {[%emt 0:00:33]} 39. Ke3 {[%emt 0:00:57]} g6 {[%emt 0:00:
12]} 40. fxg6+ {[%emt 0:00:36]} fxg6 {[%emt 0:01:07]} 41. Rd7+ {[%emt 0:00:04]}
Kg8 {[%emt 0:00:01]} 42. f4 {[%emt 0:00:41]} h5 {[%emt 0:00:17]} 43. gxh5 {
[%emt 0:00:19]} gxh5 {[%emt 0:00:02]} 44. f5 {[%emt 0:01:11]} h4 {[%emt 0:00:
29]} 45. e6 {[%emt 0:00:24]} h3 {[%emt 0:00:22]} 46. Rd8+ {[%emt 0:00:29]} Kg7
{[%emt 0:00:08]} 47. e7 {[%emt 0:00:18]} Rc3+ {[%emt 0:00:27]} 48. Ke4 1-0

[Event "European Rapid Championship 2021"]
[Site "Katowice"]
[Date "2021.12.18"]
[Round "5.24"]
[White "Vetoshko, Volodymyr"]
[Black "Praczukowski, Stanislaw"]
[Result "1-0"]
[WhiteElo "2483"]
[BlackElo "2082"]
[Annotator "ChessBase"]
[PlyCount "95"]
[EventDate "2021.12.18"]
[EventType "swiss"]
[EventCountry "POL"]
[SourceTitle "playchess.com"]
[Source "ChessBase"]
[SourceQuality "1"]
[TimeControl "900+10"]

1. e4 {[%emt 0:00:02]} c5 {[%emt 0:00:26]} 2. Nf3 {[%emt 0:00:02]} d6 {[%emt 0:
00:00]} 3. d4 {[%emt 0:00:00]} cxd4 {[%emt 0:00:01]} 4. Nxd4 {[%emt 0:00:01]}
Nf6 {[%emt 0:00:01]} 5. Nc3 {[%emt 0:00:00]} a6 {[%emt 0:00:02]} 6. Be2 {
[%emt 0:00:01]} e5 {[%emt 0:00:12]} 7. Nb3 {[%emt 0:00:04]} Be7 {[%emt 0:00:03]
} 8. Bg5 {[%emt 0:00:03]} Be6 {[%emt 0:01:11]} 9. Bxf6 {[%emt 0:00:02]} Bxf6 {
[%emt 0:00:01]} 10. Qd3 {[%emt 0:00:04]} O-O {[%emt 0:01:06]} 11. O-O-O {
[%emt 0:00:51]} Be7 {[%emt 0:00:16]} 12. Nd5 {[%emt 0:00:01]} Bxd5 {[%emt 0:00:
25]} 13. Qxd5 {[%emt 0:00:01]} Nc6 {[%emt 0:00:09]} 14. Kb1 {[%emt 0:01:04]} a5
{[%emt 0:00:57]} 15. a4 {[%emt 0:01:18]} Rc8 {[%emt 0:00:11]} 16. c3 {[%emt 0:
00:34]} Qb6 {[%emt 0:00:25]} 17. Rhf1 {[%emt 0:00:18]} Kh8 {[%emt 0:04:06]} 18.
g3 {[%emt 0:00:15]} Bf6 {[%emt 0:00:54]} 19. Nd2 {[%emt 0:03:00]} Ne7 {[%emt 0:
00:20]} 20. Qb5 {[%emt 0:01:15]} Qa7 {[%emt 0:04:45]} 21. Nb3 {[%emt 0:01:52]}
Rc6 {[%emt 0:00:30]} 22. Qxa5 {[%emt 0:00:20]} Qb8 {[%emt 0:00:08]} 23. Bb5 {
[%emt 0:00:59]} Rc7 {[%emt 0:00:20]} 24. Qb4 {[%emt 0:01:01]} Nc8 {[%emt 0:01:
30]} 25. Nd2 {[%emt 0:00:51]} Be7 {[%emt 0:00:10]} 26. Qb3 {[%emt 0:00:02]} Nb6
{[%emt 0:00:31]} 27. f4 {[%emt 0:00:03]} exf4 {[%emt 0:00:12]} 28. gxf4 {
[%emt 0:00:01]} Nd7 {[%emt 0:00:15]} 29. Bxd7 {[%emt 0:00:07]} Rxd7 {[%emt 0:
00:01]} 30. Nc4 {[%emt 0:00:09]} Qc7 {[%emt 0:00:24]} 31. Nb6 {[%emt 0:00:16]}
Rdd8 {[%emt 0:00:11]} 32. Nd5 {[%emt 0:00:06]} Qd7 {[%emt 0:00:01]} 33. f5 {
[%emt 0:01:34]} Rfe8 {[%emt 0:00:16]} 34. Qc4 {[%emt 0:01:41]} Bf8 {[%emt 0:00:
07]} 35. Qd4 {[%emt 0:00:22]} Qc6 {[%emt 0:00:09]} 36. f6 {[%emt 0:00:48]} g6 {
[%emt 0:00:01]} 37. Ne7 {[%emt 0:00:09]} Qa6 {[%emt 0:00:08]} 38. Rf3 {[%emt 0:
00:40]} Ra8 {[%emt 0:00:07]} 39. e5 {[%emt 0:00:59]} dxe5 {[%emt 0:00:17]} 40.
Qh4 {[%emt 0:00:33]} Qxa4 {[%emt 0:00:17]} 41. Qxa4 {[%emt 0:00:10]} Rxa4 {
[%emt 0:00:00]} 42. Rd7 {[%emt 0:00:02]} e4 {[%emt 0:00:30]} 43. Re3 {[%emt 0:
00:14]} Bh6 {[%emt 0:00:01]} 44. Re2 {[%emt 0:00:23]} Bg5 {[%emt 0:00:19]} 45.
Nd5 {[%emt 0:00:00]} Kg8 {[%emt 0:00:00]} 46. Rxb7 {[%emt 0:00:11]} e3 {
[%emt 0:00:28]} 47. Kc2 {[%emt 0:00:04]} Ra6 {[%emt 0:00:12]} 48. Nc7 {[%emt 0:
00:06]} 1-0

[Event "European Rapid Championship 2021"]
[Site "Katowice"]
[Date "2021.12.18"]
[Round "5.24"]
[White "Mulet, Piotr"]
[Black "Savicevs, Arsenijs"]
[Result "0-1"]
[WhiteElo "2175"]
[BlackElo "1881"]
[Annotator "NA"]
[PlyCount "110"]
[EventDate "2021.12.18"]
[EventType "swiss"]
[EventCountry "POL"]
[SourceTitle "playchess.com"]
[Source "ChessBase"]
[SourceQuality "1"]
[TimeControl "900+10"]

1. e4 {[%emt 0:00:02]} c5 {[%emt 0:00:01]} 2. c3 {[%emt 0:00:01]} d5 {[%emt 0:
00:02]} 3. exd5 {[%emt 0:00:01]} Qxd5 {[%emt 0:00:02]} 4. d4 {[%emt 0:00:01]}
e6 {[%emt 0:00:03]} 5. Nf3 {[%emt 0:00:01]} Nf6 {[%emt 0:00:02]} 6. Na3 {
[%emt 0:00:01]} cxd4 {[%emt 0:00:24]} 7. Nb5 {[%emt 0:00:01]} Na6 {[%emt 0:01:
01]} 8. Qxd4 {[%emt 0:00:06]} Bc5 {[%emt 0:00:09]} 9. Qxd5 {[%emt 0:00:11]}
Nxd5 {[%emt 0:00:05]} 10. Bc4 {[%emt 0:00:06]} Nac7 {[%emt 0:00:18]} 11. Nxc7+
{[%emt 0:00:18]} Nxc7 {[%emt 0:00:03]} 12. Bf4 {[%emt 0:00:07]} Bb6 {[%emt 0:
00:54]} 13. a4 {[%emt 0:00:42]} a5 {[%emt 0:00:12]} 14. O-O {[%emt 0:00:26]} f6
{[%emt 0:00:23]} 15. Bxc7 {[%emt 0:02:19]} Bxc7 {[%emt 0:00:04]} 16. Nd4 {
[%emt 0:00:03]} e5 {[%emt 0:01:08]} 17. Nb5 {[%emt 0:00:46]} Bb6 {[%emt 0:00:
06]} 18. Rfd1 {[%emt 0:00:22]} Bg4 {[%emt 0:01:13]} 19. Rd2 {[%emt 0:00:28]}
Ke7 {[%emt 0:01:59]} 20. h3 {[%emt 0:00:06]} Bd7 {[%emt 0:00:43]} 21. Rad1 {
[%emt 0:02:16]} Rhd8 {[%emt 0:00:09]} 22. Bd5 {[%emt 0:01:15]} Bxb5 {[%emt 0:
00:27]} 23. axb5 {[%emt 0:00:03]} Rab8 {[%emt 0:00:56]} 24. Kf1 {[%emt 0:00:47]
} Bc5 {[%emt 0:00:28]} 25. h4 {[%emt 0:01:18]} b6 {[%emt 0:00:15]} 26. Rd3 {
[%emt 0:00:18]} Rd6 {[%emt 0:00:05]} 27. h5 {[%emt 0:00:22]} Rbd8 {[%emt 0:00:
21]} 28. c4 {[%emt 0:00:08]} f5 {[%emt 0:00:28]} 29. b3 {[%emt 0:01:30]} Rh6 {
[%emt 0:01:00]} 30. Rh3 {[%emt 0:00:05]} e4 {[%emt 0:01:21]} 31. f3 {[%emt 0:
00:40]} g6 {[%emt 0:00:57]} 32. fxe4 {[%emt 0:00:18]} fxe4 {[%emt 0:00:05]} 33.
Ke2 {[%emt 0:00:01]} Rxh5 {[%emt 0:00:45]} 34. Rxh5 {[%emt 0:00:06]} gxh5 {
[%emt 0:00:02]} 35. Rh1 {[%emt 0:00:17]} Kf6 {[%emt 0:02:45]} 36. Bxe4 {
[%emt 0:00:14]} Kg5 {[%emt 0:00:07]} 37. Rf1 {[%emt 0:00:38]} Rf8 {[%emt 0:00:
06]} 38. Bf3 {[%emt 0:00:40]} Re8+ {[%emt 0:00:41]} 39. Kd2 {[%emt 0:00:01]} h4
{[%emt 0:00:10]} 40. Kc2 {[%emt 0:00:14]} Re3 {[%emt 0:00:38]} 41. Rh1 {
[%emt 0:00:48]} h6 {[%emt 0:00:20]} 42. Rf1 {[%emt 0:00:13]} Bd4 {[%emt 0:00:
29]} 43. Rd1 {[%emt 0:00:06]} Rc3+ {[%emt 0:00:01]} 44. Kd2 {[%emt 0:00:11]}
Rxb3 {[%emt 0:00:05]} 45. Ke2 {[%emt 0:00:01]} Re3+ {[%emt 0:00:17]} 46. Kf1 {
[%emt 0:00:07]} Bc5 {[%emt 0:00:10]} 47. Rd5+ {[%emt 0:00:03]} Kf6 {[%emt 0:00:
04]} 48. Rh5 {[%emt 0:00:16]} Kg6 {[%emt 0:00:19]} 49. Rxh4 {[%emt 0:00:13]} a4
{[%emt 0:00:01]} 50. Rg4+ {[%emt 0:00:29]} Kf5 {[%emt 0:00:03]} 51. Rg8 {
[%emt 0:00:02]} a3 {[%emt 0:00:05]} 52. Ra8 {[%emt 0:00:02]} Rc3 {[%emt 0:00:
09]} 53. Bd5 {[%emt 0:00:11]} Rc2 {[%emt 0:00:08]} 54. Ke1 {[%emt 0:00:12]} a2
{[%emt 0:00:02]} 55. Kd1 {[%emt 0:00:08]} Rb2 {[%emt 0:00:02]} 0-1

[Event "European Rapid Championship 2021"]
[Site "Katowice"]
[Date "2021.12.18"]
[Round "5.25"]
[White "Diermair, Andreas"]
[Black "Kowalczyk, Rafal"]
[Result "1-0"]
[WhiteElo "2408"]
[BlackElo "2235"]
[Annotator "ChessBase"]
[PlyCount "167"]
[EventDate "2021.12.18"]
[EventType "swiss"]
[EventCountry "POL"]
[SourceTitle "playchess.com"]
[Source "ChessBase"]
[SourceQuality "1"]
[TimeControl "900+10"]

1. d4 {[%emt 0:00:01]} Nf6 {[%emt 0:00:02]} 2. c4 {[%emt 0:00:02]} e6 {[%emt 0:
00:01]} 3. Nc3 {[%emt 0:00:02]} Bb4 {[%emt 0:00:06]} 4. e3 {[%emt 0:00:01]} O-O
{[%emt 0:00:05]} 5. Nf3 {[%emt 0:00:02]} b6 {[%emt 0:00:09]} 6. Bd2 {[%emt 0:
00:11]} Bb7 {[%emt 0:00:08]} 7. Bd3 {[%emt 0:00:05]} Bxc3 {[%emt 0:00:12]} 8.
Bxc3 {[%emt 0:00:03]} Ne4 {[%emt 0:00:01]} 9. Bxe4 {[%emt 0:00:28]} Bxe4 {
[%emt 0:00:03]} 10. d5 {[%emt 0:00:03]} exd5 {[%emt 0:06:57]} 11. Qd4 {[%emt 0:
00:30]} f6 {[%emt 0:00:09]} 12. cxd5 {[%emt 0:00:11]} Re8 {[%emt 0:01:07]} 13.
O-O-O {[%emt 0:01:00]} d6 {[%emt 0:04:24]} 14. Ng5 {[%emt 0:02:50]} Qe7 {
[%emt 0:00:42]} 15. Ne6 {[%emt 0:01:35]} Bf5 {[%emt 0:00:20]} 16. Nf4 {[%emt 0:
01:11]} Nd7 {[%emt 0:00:19]} 17. Rhe1 {[%emt 0:01:19]} Qe4 {[%emt 0:01:27]} 18.
Qxe4 {[%emt 0:00:09]} Bxe4 {[%emt 0:00:19]} 19. f3 {[%emt 0:00:15]} Bg6 {
[%emt 0:00:01]} 20. g4 {[%emt 0:01:07]} Ne5 {[%emt 0:00:55]} 21. Bxe5 {[%emt 0:
00:36]} fxe5 {[%emt 0:00:38]} 22. Nxg6 {[%emt 0:01:27]} hxg6 {[%emt 0:00:02]}
23. Kd2 {[%emt 0:00:01]} Re7 {[%emt 0:00:05]} 24. Kd3 {[%emt 0:00:12]} e4+ {
[%emt 0:00:46]} 25. fxe4 {[%emt 0:00:09]} Rae8 {[%emt 0:00:03]} 26. Rc1 {
[%emt 0:00:03]} g5 {[%emt 0:00:17]} 27. h3 {[%emt 0:00:35]} Kh7 {[%emt 0:00:01]
} 28. Rc4 {[%emt 0:00:13]} Kg6 {[%emt 0:00:09]} 29. Rf1 {[%emt 0:00:12]} b5 {
[%emt 0:00:18]} 30. Rb4 {[%emt 0:00:11]} a5 {[%emt 0:00:08]} 31. Rxb5 {[%emt 0:
00:13]} Rxe4 {[%emt 0:00:01]} 32. Rf3 {[%emt 0:00:01]} a4 {[%emt 0:00:10]} 33.
Rb7 {[%emt 0:01:12]} R4e7 {[%emt 0:00:23]} 34. Rb4 {[%emt 0:00:17]} Re5 {
[%emt 0:00:09]} 35. e4 {[%emt 0:00:02]} Ra8 {[%emt 0:00:10]} 36. a3 {[%emt 0:
00:01]} Ra6 {[%emt 0:00:10]} 37. Rc4 {[%emt 0:00:34]} Re7 {[%emt 0:00:10]} 38.
Kc2 {[%emt 0:00:26]} Ra7 {[%emt 0:00:10]} 39. Kc3 {[%emt 0:00:17]} Re8 {
[%emt 0:00:07]} 40. Kd4 {[%emt 0:00:12]} Rb8 {[%emt 0:00:11]} 41. Rb4 {[%emt 0:
00:11]} Re8 {[%emt 0:00:07]} 42. Rf5 {[%emt 0:00:49]} Rh8 {[%emt 0:00:07]} 43.
Rf3 {[%emt 0:00:10]} Re8 {[%emt 0:00:00]} 44. Rc4 {[%emt 0:00:01]} Rb8 {
[%emt 0:00:03]} 45. Rf2 {[%emt 0:00:05]} Re8 {[%emt 0:00:22]} 46. Rb4 {[%emt 0:
00:18]} Rh8 {[%emt 0:00:09]} 47. Rf3 {[%emt 0:00:05]} Re8 {[%emt 0:00:01]} 48.
Rc3 {[%emt 0:00:01]} Rf8 {[%emt 0:00:08]} 49. Re3 {[%emt 0:00:08]} Ra5 {
[%emt 0:00:36]} 50. e5 {[%emt 0:00:24]} Rf4+ {[%emt 0:00:02]} 51. Re4 {[%emt 0:
00:04]} dxe5+ {[%emt 0:00:14]} 52. Kxe5 {[%emt 0:00:05]} Rf3 {[%emt 0:00:11]}
53. Rbc4 {[%emt 0:00:19]} Rd3 {[%emt 0:00:12]} 54. Rc6+ {[%emt 0:00:03]} Kh7 {
[%emt 0:00:01]} 55. Rd4 {[%emt 0:00:05]} Re3+ {[%emt 0:00:13]} 56. Kf5 {
[%emt 0:00:06]} Re7 {[%emt 0:00:15]} 57. Kxg5 {[%emt 0:00:24]} Rb5 {[%emt 0:00:
11]} 58. Rc2 {[%emt 0:00:16]} c5 {[%emt 0:00:11]} 59. Rxa4 {[%emt 0:00:12]}
Re5+ {[%emt 0:00:02]} 60. Kf4 {[%emt 0:00:10]} Rxd5 {[%emt 0:00:01]} 61. Rac4 {
[%emt 0:00:11]} Kg6 {[%emt 0:00:27]} 62. h4 {[%emt 0:00:16]} Kf6 {[%emt 0:00:
03]} 63. a4 {[%emt 0:00:19]} Ra5 {[%emt 0:00:04]} 64. Re4 {[%emt 0:00:27]} Rd1
{[%emt 0:00:17]} 65. g5+ {[%emt 0:00:14]} Kf7 {[%emt 0:00:01]} 66. Rce2 Ra7 {
[%emt 0:00:23]} 67. Rf2 {[%emt 0:00:29]} Rg1 {[%emt 0:00:12]} 68. Ke5+ {
[%emt 0:00:28]} Kg6 {[%emt 0:00:01]} 69. Kd5 {[%emt 0:00:01]} Rc1 70. b3 {
[%emt 0:00:45]} Rc3 {[%emt 0:00:29]} 71. Rb2 {[%emt 0:00:10]} Rd7+ {[%emt 0:00:
10]} 72. Kc6 {[%emt 0:00:08]} Rdd3 {[%emt 0:00:10]} 73. Rc4 {[%emt 0:00:09]}
Rxb3 {[%emt 0:00:08]} 74. Rxb3 {[%emt 0:00:02]} Rxb3 {[%emt 0:00:01]} 75. Kxc5
{[%emt 0:00:02]} Kf5 {[%emt 0:00:09]} 76. a5 {[%emt 0:00:00]} Ke6 {[%emt 0:00:
00]} 77. Kc6 {[%emt 0:00:10]} Ra3 {[%emt 0:00:00]} 78. Rc5 {[%emt 0:00:04]} g6
{[%emt 0:00:01]} 79. Kb6 {[%emt 0:00:10]} Rb3+ {[%emt 0:00:10]} 80. Rb5 {
[%emt 0:00:03]} Ra3 {[%emt 0:00:00]} 81. a6 {[%emt 0:00:05]} Kd7 {[%emt 0:00:
06]} 82. a7 {[%emt 0:00:05]} Kc8 {[%emt 0:00:01]} 83. Rc5+ {[%emt 0:00:01]} Kd7
84. Ra5 1-0

[Event "European Rapid Championship 2021"]
[Site "Katowice"]
[Date "2021.12.18"]
[Round "5.25"]
[White "Spanos, Nomikos"]
[Black "Rudnicki, Milosz"]
[Result "0-1"]
[WhiteElo "1914"]
[BlackElo "2200"]
[Annotator "NA"]
[PlyCount "94"]
[EventDate "2021.12.18"]
[EventType "swiss"]
[EventCountry "POL"]
[SourceTitle "playchess.com"]
[Source "ChessBase"]
[SourceQuality "1"]
[TimeControl "900+10"]

1. Nf3 {[%emt 0:00:06]} d5 {[%emt 0:00:10]} 2. b3 {[%emt 0:00:07]} Nf6 {
[%emt 0:00:06]} 3. Bb2 {[%emt 0:00:02]} Bf5 {[%emt 0:00:14]} 4. g3 {[%emt 0:00:
22]} e6 {[%emt 0:00:05]} 5. Bg2 {[%emt 0:00:04]} c6 {[%emt 0:00:06]} 6. O-O {
[%emt 0:00:11]} Be7 {[%emt 0:00:24]} 7. d3 {[%emt 0:00:08]} O-O {[%emt 0:00:29]
} 8. Nbd2 {[%emt 0:00:09]} h6 {[%emt 0:01:01]} 9. Re1 {[%emt 0:00:11]} a5 {
[%emt 0:00:47]} 10. h3 {[%emt 0:00:57]} Bh7 {[%emt 0:00:29]} 11. e4 {[%emt 0:
00:17]} dxe4 {[%emt 0:02:50]} 12. Nxe4 {[%emt 0:00:13]} Nbd7 {[%emt 0:00:30]}
13. a4 {[%emt 0:00:33]} Qc7 {[%emt 0:00:35]} 14. Qe2 {[%emt 0:00:52]} Rfd8 {
[%emt 0:00:47]} 15. Nd4 {[%emt 0:01:09]} Nxe4 {[%emt 0:02:34]} 16. Bxe4 {
[%emt 0:00:30]} Bxe4 {[%emt 0:00:05]} 17. Qxe4 {[%emt 0:00:12]} Bf6 {[%emt 0:
00:24]} 18. Rab1 {[%emt 0:02:33]} Qd6 {[%emt 0:00:12]} 19. Nf3 {[%emt 0:00:54]}
Bxb2 {[%emt 0:00:05]} 20. Rxb2 {[%emt 0:00:02]} Nf6 {[%emt 0:00:25]} 21. Qe5 {
[%emt 0:00:30]} Qb4 {[%emt 0:00:16]} 22. Rbb1 {[%emt 0:00:32]} Rd5 {[%emt 0:00:
07]} 23. Qe2 {[%emt 0:00:27]} Rad8 {[%emt 0:00:12]} 24. Nd2 {[%emt 0:00:24]} b5
{[%emt 0:00:20]} 25. axb5 {[%emt 0:00:08]} cxb5 {[%emt 0:00:01]} 26. Ne4 {
[%emt 0:00:18]} Nxe4 {[%emt 0:00:22]} 27. Qxe4 {[%emt 0:00:04]} Qxe4 {[%emt 0:
00:26]} 28. Rxe4 {[%emt 0:00:03]} Rc5 {[%emt 0:00:27]} 29. Rb2 {[%emt 0:00:31]}
b4 {[%emt 0:00:48]} 30. Kf1 {[%emt 0:00:13]} Kf8 {[%emt 0:01:17]} 31. Ke2 {
[%emt 0:00:03]} Ke7 {[%emt 0:00:02]} 32. Kd2 {[%emt 0:00:23]} Rdd5 {[%emt 0:00:
12]} 33. Rb1 {[%emt 0:00:44]} Kd6 {[%emt 0:00:34]} 34. Rc4 {[%emt 0:00:42]}
Rxc4 {[%emt 0:00:55]} 35. bxc4 {[%emt 0:00:02]} Rf5 {[%emt 0:00:02]} 36. Ke3 {
[%emt 0:00:26]} Kc5 {[%emt 0:00:07]} 37. f4 {[%emt 0:00:45]} g5 {[%emt 0:00:12]
} 38. Ra1 {[%emt 0:00:18]} Kb6 {[%emt 0:00:40]} 39. d4 {[%emt 0:00:27]} gxf4+ {
[%emt 0:00:01]} 40. gxf4 {[%emt 0:00:02]} Rh5 {[%emt 0:00:01]} 41. c5+ {
[%emt 0:00:15]} Kb5 {[%emt 0:00:04]} 42. Ke4 {[%emt 0:01:31]} Rxh3 {[%emt 0:00:
03]} 43. Rg1 {[%emt 0:00:33]} a4 {[%emt 0:00:35]} 44. Rg7 {[%emt 0:00:12]} a3 {
[%emt 0:00:06]} 45. Rxf7 {[%emt 0:00:17]} a2 {[%emt 0:00:02]} 46. Rb7+ {
[%emt 0:00:52]} Kc6 {[%emt 0:00:16]} 47. Rb6+ {[%emt 0:00:38]} Kc7 {[%emt 0:00:
04]} 0-1